| 000 | 00896nam a2200265Ia 4500 | ||
|---|---|---|---|
| 003 | OSt | ||
| 005 | 20220930072650.0 | ||
| 006 | a|||||r|||| 00| 0 | ||
| 007 | ta | ||
| 008 | 220926b |||||||| |||| 00| 0 eng d | ||
| 024 | _a24738 | ||
| 037 | _cTheses | ||
| 040 |
_aCRL _cCRL _beng |
||
| 041 |
_2eng _aeng |
||
| 100 |
_aKamlesh Pal _9530237 |
||
| 110 | _aUniversity of Delhi. Faculty of Medical Sciences. Department of Surgery | ||
| 245 | 0 |
_aLaparoscopic repair of ventral hernia _b Its feasibility and complications with special emphasis on port site infections and hernias |
|
| 260 | _c1998 | ||
| 300 |
_a52p. _ap. _ccm. |
||
| 650 | _aSURGERY | ||
| 700 |
_a Dr Vinod Kumar Malik Supervisor _9530238 |
||
| 700 | _aUniversity of Delhi. Faculty of Medical Sciences. Department of Surgery | ||
| 942 |
_cDIS _2CC |
||
| 999 |
_c864173 _d864173 |
||